When to use 'without prejudice' (Record no. 72935)
[ view plain ]
| 000 -LEADER | |
|---|---|
| fixed length control field | 00966cam a2200205 4500 |
| 001 - CONTROL NUMBER | |
| control field | ABS66829 |
| 008 - FIXED-LENGTH DATA ELEMENTS--GENERAL INFORMATION | |
| fixed length control field | 120103e2003 000 0 eng u |
| 035 ## - SYSTEM CONTROL NUMBER | |
| System control number | (Sirsi) u122760 |
| 100 ## - MAIN ENTRY--PERSONAL NAME | |
| Personal name | Fowler, F. |
| 245 ## - TITLE STATEMENT | |
| Title | When to use 'without prejudice' |
| 260 ## - PUBLICATION, DISTRIBUTION, ETC. | |
| Date of publication, distribution, etc. | 2003 |
| 490 ## - SERIES STATEMENT | |
| Series statement | RICS Building Surveying Faculty Feature |
| Volume/sequential designation | 17 June 2003 (2) |
| 520 ## - SUMMARY, ETC. | |
| Summary, etc. | Feature considering when it is appropriate to mark a letter 'without prejudice' and pointing out that there is a common misconception that any letter marked in this way cannot be shown to a judge or arbitrator. The correct use of the phrase has now been defined by case law, making it clear that 'without prejudice' is only effective when used in a genuine attempt to resolve a dispute. Case law. |
| 590 ## - LOCAL NOTE (RLIN) | |
| Local note | ABS |
| 650 ## - SUBJECT ADDED ENTRY--TOPICAL TERM | |
| Topical term or geographic name entry element | INSTANCE V DENNY BROTHERS PRINTING LTD |
| 650 ## - SUBJECT ADDED ENTRY--TOPICAL TERM | |
| Topical term or geographic name entry element | RUSH AND TOMPKINS LTD V GREATER LONDON COUNCIL AND ANOTHER |
| 650 ## - SUBJECT ADDED ENTRY--TOPICAL TERM | |
| Topical term or geographic name entry element | WITHOUT PREJUDICE |
| 690 ## - LOCAL SUBJECT ADDED ENTRY--TOPICAL TERM (OCLC, RLIN) | |
| Topical term or geographic name as entry element | LAW |
| 942 ## - ADDED ENTRY ELEMENTS (KOHA) | |
| Suppress in OPAC | 0 |
| Withdrawn status | Lost status | Source of classification or shelving scheme | Damaged status | Not for loan | Home library | Current library | Shelving location | Date acquired | Total Checkouts | Full call number | Barcode | Date last seen | Copy number | Price effective from | Koha item type |
|---|---|---|---|---|---|---|---|---|---|---|---|---|---|---|---|
| Dewey Decimal Classification | London | London | Journal article | 26/06/2003 | ABS66829 | 122760-1001 | 06/08/2019 | 1 | 06/08/2019 | Journal article | |||||
| Dewey Decimal Classification | Virtual | Virtual | Online | 26/06/2003 | ONLINE PUBLICATION | 122760-2001 | 06/08/2019 | 1 | 06/08/2019 | Journal article |